| 000 | 00404 a2200109 4500 | ||
|---|---|---|---|
| 001 | ART_40030 | ||
| 005 | 20260410161841.0 | ||
| 008 | 260409a | ||
| 245 | 1 | 0 | _aEl artículo 19 de la Ley 24.624, en lo que se refiere a la inembargabilidad de las cuentas corrientes y activos financiero del Estado |
| 100 | 1 | _aRossi, Guillermo | |
| 773 | 0 |
_tRAP _g- Año 23, Nº 274 (jul. 2001) _wREV5941 |
|
| 999 |
_c24149 _d24149 |
||